Tilastot visalle Brasilia-visa

Klikkaa tästä pelataksesi tätä visaa!

Yleistilastot

  • Tätä visaa on pelattu 599 kertaa
  • Keskiarvotulos 13 / 21

Vastaustilastot

VihjeVastaus% Oikein
Virallinen kieliPortugali
96%
Ainoat Etelä-Amerikan valtiot, joilla ei ole maarajaa Brasilian kanssaChile
95%
PääkaupunkiBrasília
94%
Väkirikkaimmat kaupungitRio de Janeiro
94%
Pisin jokiAmazon
86%
Ainoat Etelä-Amerikan valtiot, joilla ei ole maarajaa Brasilian kanssaEcuador
85%
Brasilia on tämän pavun suurin tuottajamaaKahvi
81%
Musiikkilaji, jota soitetaan ylläolevassaSamba
78%
Väkirikkaimmat kaupungitSão Paulo
69%
Eniten miesten jalkapallon MM-kilpailuissa
maaleja tehneet pelaajat
Ronaldo
68%
Eniten miesten jalkapallon MM-kilpailuissa
maaleja tehneet pelaajat
Pelé
66%
Viisipäiväiinen juhla, joka järjestetään
viitenä päivänä ennen tuhkakeskiviikkoa
Karnevaali
58%
Nimi brasilialaiselle hökkelikylälleFavela
44%
Kuuluisimmat rannatCopacabana
37%
Kuuluisin patsasKristus {Vapahtaja}
37%
Tehtiin laittomaksi vuonna 1888Orjuus
37%
Vuonna 2018 valittu
ristiriitaisia tunteita ihmisissä herättävä presidentti
Jair Bolsonaro
31%
ValuuttaReal
31%
Kuuluisimmat rannatIpanema
30%
Lipussa oleva iskulause{Ordem} e Progresso
20%
Argentiinan rajalla sijaitsevat
vesiputoukset
{Iguassun} putoukset
19%

Tulosjakauma

Persentiili vastausten määrän mukaan

Jokaisen tuloksen saaneiden osuus

Tuloshistoriasi

Et ole pelannut tätä visaa